Nagy Ignác munkássága az 1840-es években
Elmentve itt :
| Szerző: | |
|---|---|
| További közreműködők: | |
| Dokumentumtípus: | Szakdolgozat |
| Tárgyszavak: | |
| Online Access: | http://diploma.bibl.u-szeged.hu/45948 |
| LEADER | 00517nta a2200145 i 4500 | ||
|---|---|---|---|
| 001 | dipl45948 | ||
| 005 | 20150116102351.0 | ||
| 008 | 150116suuuu hu om 0|| zxx d | ||
| 040 | |a SZTE Diploma Repozitórium |b hun | ||
| 041 | |a zxx | ||
| 100 | 1 | |a Nagy Valéria | |
| 245 | 1 | 0 | |a Nagy Ignác munkássága az 1840-es években |h [elektronikus dokumentum] / |c Valéria Nagy |
| 650 | 4 | |a Bölcsészettudományok | |
| 700 | 1 | |a Csetri Lajos |e ths | |
| 856 | 4 | 0 | |u http://diploma.bibl.u-szeged.hu/id/eprint/45948/1/xxxx_nagy_valeria.pdf |z Dokumentum-elérés |